Famous Swedish-speaking Finns - Statistics

General Stats
  • This quiz has been taken 31 times
  • The average score is 6 of 20
Answer Stats
Hint Answer % Correct
Creator of Moomin Tove Jansson
86%
Composer of seven symphonies Jean Sibelius
72%
President of Finland 1944–1946 Carl Gustaf Emil Mannerheim
66%
Creator of Linux Linus Torvalds
66%
National poet and writer of Finnish national anthem Johan Ludvig Runeberg
55%
President of Finland 2024– Alexander Stubb
41%
Concert violinist, model and actor Linda Brava
41%
President of Finland 1931–1937 Pehr Evind Svinhufvud
41%
Painter known for illustrations of Kalevala Akseli Gallen-Kallela
38%
Assassinated General-Governor Nikolay Bobrikov Eugen Schauman
28%
First person to cross the Northeast Passage and circumnavigate Eurasia Adolf Erik Nordenskiöld
17%
Philosopher and Cambridge professor Georg Henrik von Wright
17%
Highest-selling Finnish painter Helene Schjerfbeck
17%
Two-time world rally champion Marcus Grönholm
17%
Poet and TV personality Tommy Tabermann
17%
19th-century writer and historian Zachris Topelius
14%
Nobel laureate in economics Bengt Holmström
7%
Co-founder of Nokia Fredrik Idestam
3%
Nobel laureate in physiology/medicine Ragnar Granit
3%
Pre-independence statesman and co-founder of Nokia Leo Mechelin
0%
No matching quizzes found
Score Distribution
Percent of People with Each Score
Percentile by Number Answered
Your Score History
You have not taken this quiz